<?xml version="1.0" encoding="UTF-8"?><?xml-stylesheet type="text/xsl" href="static/style.xsl"?><OAI-PMH xmlns="http://www.openarchives.org/OAI/2.0/" xmlns:xsi="http://www.w3.org/2001/XMLSchema-instance" xsi:schemaLocation="http://www.openarchives.org/OAI/2.0/ http://www.openarchives.org/OAI/2.0/OAI-PMH.xsd"><responseDate>2026-06-03T21:41:16Z</responseDate><request verb="GetRecord" identifier="oai:riuma.uma.es:10630/16741" metadataPrefix="marc">https://riuma.uma.es/rest/oai/request</request><GetRecord><record><header><identifier>oai:riuma.uma.es:10630/16741</identifier><datestamp>2026-02-03T11:51:18Z</datestamp><setSpec>com_10630_2254</setSpec><setSpec>col_10630_37959</setSpec></header><metadata><record xmlns="http://www.loc.gov/MARC21/slim" xmlns:dcterms="http://purl.org/dc/terms/" xmlns:doc="http://www.lyncode.com/xoai" xmlns:xsi="http://www.w3.org/2001/XMLSchema-instance" xsi:schemaLocation="http://www.loc.gov/MARC21/slim http://www.loc.gov/standards/marcxml/schema/MARC21slim.xsd">
   <leader>00925njm 22002777a 4500</leader>
   <datafield ind2=" " ind1=" " tag="042">
      <subfield code="a">dc</subfield>
   </datafield>
   <datafield ind2=" " ind1=" " tag="720">
      <subfield code="a">Núñez-Paz, Marlon</subfield>
      <subfield code="e">author</subfield>
   </datafield>
   <datafield ind2=" " ind1=" " tag="260">
      <subfield code="c">2018-10-29</subfield>
   </datafield>
   <datafield ind2=" " ind1=" " tag="520">
      <subfield code="a">The UMASEP-10 tool [Núñez, 2011] works in an operational level since 2010, and its >10 MeV Solar Energetic Proton (SEP) predictions are diseminated by NASA’s integrated Space Weather Analysis system (iSWA). This presentation shows the real-time predictions of the SEP events that took place in July and September 2017. The UMASEP-10 tool predicts the occurrence and intensity of the first hours of >10 MeV SEP events using the Well-Connected prediction (WCP) model and the Poorly-Connected prediction (PCP) model. The WCP model infers the observer's interplanetary magnetic field connection to the shock source by correlating remote sensing SXR and proton data at near-Earth. This poster also presents a summary of the predictions of the UMASEP-100 [Núñez, 2015] and HESPERIA UMASEP-500 [Núñez et al., 2017] tools for predicting >100 MeV and >500 MeV events, respectively, during the aforementioned period.</subfield>
   </datafield>
   <datafield ind1="8" ind2=" " tag="024">
      <subfield code="a">https://hdl.handle.net/10630/16741</subfield>
   </datafield>
   <datafield tag="653" ind2=" " ind1=" ">
      <subfield code="a">Radiografía</subfield>
   </datafield>
   <datafield ind2="0" ind1="0" tag="245">
      <subfield code="a">The use of observations of soft X-rays and protons in the UMASEP scheme for making real-time predictions of the SEP events that took place in july and september 2017</subfield>
   </datafield>
</record>
</metadata></record></GetRecord></OAI-PMH>